| 000 | 01002nac a22003017a 4500 | ||
|---|---|---|---|
| 001 | BR0808834 | ||
| 003 | BR-BrBNA | ||
| 005 | 20240105123727.0 | ||
| 008 | 230509b bl.|||m| |||| 00| 0 por d | ||
| 040 |
_aBR-BrBNA _bpor _cBiblioteca Nacional de Agricultura |
||
| 072 | _aF30 | ||
| 090 | _a3140 BR0808834 | ||
| 100 | 1 | _aMoraes Neto, S.P. de | |
| 100 | 1 | _aMelo, J.T. de | |
| 110 | 1 | _aEMBRAPA Cerrados, Planaltina, DF (Brasil) | |
| 245 | 1 | _aÍndices de seleção para famílias de meios-irmãos de Pinus caribaea var. hondurensis | |
| 260 | 3 |
_aPlanaltina, DF (Brasil): _c2006. |
|
| 300 | _a21 p. | ||
| 490 |
_aBoletim de Pesquisa e Desenvolvimento - EMBRAPA Cerrados (Brazil) _vno. 174 _xISSN 1676-918X |
||
| 500 | _aSummaries (En, Pt); 8 ref.; 8 tables | ||
| 650 | _aPINUS CARIBAEA | ||
| 650 | _aSELEÇÃO GENÉTICA | ||
| 650 | _aSEMENTE | ||
| 650 | _aSELEÇÃO FENÓTIPA | ||
| 650 | _aMODELO MATEMÁTICO | ||
| 909 |
_a202312 _bLúcia Elande _c55 _dLúcia Elande |
||
| 942 |
_2AGRIS _n0 _cMS |
||
| 999 |
_c296733 _d296733 |
||